[Event "SVR-ch MAT 36th"]
[Site "Idar Oberstein"]
[Date "2013.03.30"]
[Round "7"]
[White "Moellmann, Viktor"]
[Black "Van Leyen, Peter"]
[Result "1/2-1/2"]
[WhiteElo "1774"]
[BlackElo "1712"]
[PlyCount "31"]
[EventDate "2013.03.23"]
[EventType "tourn"]
[EventRounds "7"]
[EventCountry "GER"]
[SourceTitle "EXT 2014"]
[Source "ChessBase"]
[SourceDate "2013.11.20"]
[SourceVersion "1"]
[SourceVersionDate "2013.11.20"]
[SourceQuality "1"]

1. d4 e6 2. c4 c5 3. e3 b6 4. Nf3 Bb7 5. Be2 Nf6 6. 0-0 Be7 7. Nc3 a6 8. Ne5 d6 9. Bf3 dxe5 10. Bxb7 Ra7 11. dxe5 Rxb7 12. exf6 Qxd1 13. Rxd1 Bxf6 14. Ne4 Be7 15. b3 0-0 16. Bb2 1/2-1/2

[Event "SVR-ch MAT 36th"]
[Site "Idar Oberstein"]
[Date "2013.03.28"]
[Round "4"]
[White "Graf, Rodolfo"]
[Black "Moellmann, Viktor"]
[Result "0-1"]
[WhiteElo "1826"]
[BlackElo "1774"]
[PlyCount "70"]
[EventDate "2013.03.23"]
[EventType "tourn"]
[EventRounds "7"]
[EventCountry "GER"]
[SourceTitle "EXT 2014"]
[Source "ChessBase"]
[SourceDate "2013.11.20"]
[SourceVersion "1"]
[SourceVersionDate "2013.11.20"]
[SourceQuality "1"]

1. d4 d5 2. c4 e6 3. Nf3 c6 4. Nc3 Nd7 5. Bg5 Be7 6. Bxe7 Nxe7 7. e3 0-0 8. Rc1 Re8 9. Bd3 dxc4 10. Bxc4 Ng6 11. 0-0 Qe7 12. a3 Nb6 13. Bd3 Nd5 14. Bb1 Nf6 15. Ne4 Nd7 16. Nc5 Nf6 17. Nd3 Bd7 18. Nde5 Nxe5 19. Nxe5 Rad8 20. Qd3 g6 21. Rc5 Bc8 22. Ba2 Kg7 23. Qc3 Ne4 24. Qc2 Nxc5 25. dxc5 f6 26. Nf3 e5 27. Nh4 f5 28. Nf3 Qf6 29. Nd2 Be6 30. Bxe6 Qxe6 31. Nc4 Rd5 32. Nd6 Re7 33. Re1 e4 34. b4 Rd3 35. Rd1 Qb3 0-1